01089nam a2200241 a 450000100060000000300090000600800410001502000150005604000280007108200180009910000240011724501220014126000310026330000110029450500850030559000490039065000390043965000390047894200120051799900170052995201680054695201330071416196CO-ViMGA141112s2004 ck r 000 u spa d a9580445516 aCO-ViMGAbspacCO-ViMGA04a155.332 R476i1 aRiso, Walter92314610aIntimidades masculinas : bSobre el mito de la fortaleza masculina y la supuesta incapacidad de los hombres para amar aBogotá : bNorma, c1998 a180.p. a¿Cuál sexo fuerte? ¿Pueden y saben amar los hombres? La sexualidad masculina aForma de adquisición : Premio - Mincultura14aHOMBRES - ASPECTOS SOCIALES92314714aMASCULINIDAD - (PSICOLOGIA)914906 2ddccBK c26110d26110 00102ddc40708002aMEVIECARbMEVIECARd2015-12-04hVolumen. 1 | 11/jun/2009l2m1o155.332 R476i p16196r2019-02-15 00:00:00s2018-09-01tEj. 1w2015-12-04yBK 00102ddc40708GENaMERESTREbMERESTREcGENd2025-05-23l0o155.332 R476ipRES00113r2025-05-23 15:25:37tEj.1w2025-05-23yBK